Diccionario de la edición y de las artes gráficas /

保存先:
書誌詳細
その他の著者: Dreyfus, John (dir.) 指揮者, Richaudeau, François (dirección) (dirección), Martínez de Sousa, José (presentación) (presentación)
フォーマット: 図書
言語:スペイン語
出版事項: Madrid, España : Fundación Germán Sánchez Ruipérez : Pirámide, 1990, c1990
シリーズ:(Biblioteca del Libro)
主題:
タグ: タグ追加
タグなし, このレコードへの初めてのタグを付けませんか!

MARC

LEADER 00000nam^a2200000^a^4500
001 000110297
005 20250521000000.0
009 20260310093750.762
020 |a 84-86168-49-X 
020 |a 84-368-0512-7 
037 |a Acervo ITESO - Biblioteca 
041 |a ESP 
082 |a 302. 23203  |b DRE 
100 |a Dreyfus, John  |e (dir.) 
245 1 0 |a Diccionario de la edición y de las artes gráficas /  |c Dir. y presen. de J. Dreyfus, F. Richaudeau ; presen. de J. Martínez de Sousa ; tr. por Fernando Jiménez. 
264 4 |a Madrid, España :  |b Fundación Germán Sánchez Ruipérez :  |b Pirámide,  |c 1990, c1990 
300 |a 721 p. 
336 |a texto  |b txt  |2 rdacontenido 
337 |a sin mediación  |b n  |2 rdamedio 
338 |a volumen  |b nc  |2 rdasoporte 
440 1 |a (Biblioteca del Libro) 
500 |a Traducción de: La chose imprimée. Histoire, techniques, esthétique et realisations de l'imprimé 
649 |a XX 
650 |a Industria Editorial -  |x Enciclopedias y Diccionarios 
650 |a Imprenta -  |x Enciclopedias y Diccionarios 
650 |a Periodismo -  |x Enciclopedias y Diccionarios 
650 |a Diseño Editorial -  |x Enciclopedias y Diccionarios 
650 |a Diseño Gráfico -  |x Enciclopedias y Diccionarios 
650 |a Enciclopedias y Diccionarios 
700 |a Richaudeau, François  |e (dirección) 
700 |a Martínez de Sousa, José  |e (presentación) 
910 |a Fondo General 
920 |a Impresos - Libros 
930 |a Obras de Referencia 
905 |a 102 
901 |a 0500046256  |b IT2  |c REF  |u 20250521 
902 |a https://opac.biblio.iteso.mx/vufind/Record/000110297